Quick Pick: Taylor Swift Songs Quiz Stats

 Plays Quiz Updated May 9, 2016

Challenge
Share
Tweet
Embed
Score 0/20 Timer 01:30
0 Plays Today
% Correct
Bad
91.2%
Ever
90.8%
Shake
90.7%
Everything
89.8%
Space
89%
Forever
88.3%
Trouble
87.4%
McGraw
87.1%
Teardrops
85.9%
Dear
85.8%
% Correct
Back
85.1%
Story
84.4%
Horse
83.8%
Best
82.3%
Wildest
82%
Sparks
78.5%
Grace
78%
Stephen
75.5%
Picture
75.1%
Romantics
73.1%

Today's Daily Dose

Quick Pick
The Muppets

On This Day
December 19th II

You're not logged in!

Compare scores with friends on all Sporcle quizzes.
OR
Log In

You Might Also Like...

Show Comments

Extras

Top Quizzes Today


Score Distribution

Your Account Isn't Verified!

In order to create a playlist on Sporcle, you need to verify the email address you used during registration. Go to your Sporcle Settings to finish the process.

Report this User

Report this user for behavior that violates our Community Guidelines.

Details: